00740 a2200193 4500022001200000050002300012100002400035110003400059245016400093264004600257300001100303500005000314650003000364650003100394651001800425700002700443700002500470710005100495 Ino issn00aKTL19.A35 SOU 1981 aBarnett, M.eeditor aSupreme Court of South Africa04aSouth African law reports (2) May : bDecisions of the Supreme Court of South Africa, South-West Africa division, High court of Rhodesia /cM. Barnett ...et al aSouth Africa:bJuta and Company LTDc1981 a216p.: aIncludes bibliographical references and index 0aLaw reports, digests, etc 7aLaw reports, digests, etc. 7aSouth Africa.1 aBuchanan, J.L.eeditor1 aFisher, D.S.eeditor1 aAdvocates of the Supreme Court of South Africa